| 000 | 00624nam a2200205 i 4500 | ||
|---|---|---|---|
| 001 | 171820 | ||
| 003 | ES-MaACL | ||
| 005 | 20250911062847.0 | ||
| 008 | 090602s1982 sp |||| | spa d | ||
| 080 | _a821.134.2-1"19"(082.2) | ||
| 245 | 0 | 0 |
_aPoesía española hoy / _c[seleccionador, G.L. Solner]. |
| 260 |
_aMadrid : _bVisor, _c1982. |
||
| 300 |
_a487 p. ; _c20 cm. |
||
| 490 | 1 |
_aColección Visor de Poesía ; _v100 |
|
| 650 | 4 |
_aPoesías españolas- _yS.XX. _916221 |
|
| 700 | 1 |
_aSolner, G.L. _9140435 |
|
| 830 | 0 |
_aColección Visor de poesía _v100 _9177331 |
|
| 852 |
_aES-MaACL _jL-6828 |
||
| 999 |
_c171820 _d171820 |
||